[Event "Titled Tuesday intern op 12th Mar Late"]
[Site "Chess.com INT"]
[Date "2024.03.12"]
[Round "6"]
[White "Rasulov, Vugar Ural Oglu"]
[Black "Griffith, Kyron"]
[Result "1-0"]
[WhiteElo "2550"]
[BlackElo "2352"]
[PlyCount "127"]
[EventDate "2024.03.12"]
[EventType "swiss (blitz)"]
[EventRounds "11"]
[EventCountry "USA"]
[SourceTitle "CB12_2024"]
[SourceDate "2023.10.01"]
[SourceVersion "1"]
[SourceVersionDate "2023.10.01"]
[SourceQuality "1"]

1. e4 c5 2. Nf3 e6 3. g3 Nc6 4. Bg2 Nf6 5. d3 d5 6. Nbd2 b6 7. 0-0 Bb7 8. Re1 Be7 9. a3 0-0 10. e5 Nd7 11. Nf1 Rc8 12. h4 Qc7 13. Bf4 b5 14. h5 a5 15. h6 g6 16. N1h2 d4 17. Ng4 Qd8 18. a4 bxa4 19. Qd2 Rb8 20. Rxa4 Nb6 21. Raa1 Nd5 22. Bg5 Ba8 23. b3 Bb7 24. Bxe7 Qxe7 25. Ng5 Ncb4 26. Ne4 Ra8 27. Ngf6+ Nxf6 28. Nxf6+ Kh8 29. Bxb7 Qxb7 30. Ne4 Qe7 31. Ra4 Nc6 32. Qf4 g5 33. Qxg5 Qxg5 34. Nxg5 Kg8 35. Ne4 Nb4 36. Re2 Rfc8 37. Nf6+ Kh8 38. f4 Rc7 39. Kf2 Nc6 40. Kf3 Ne7 41. g4 Ng8 42. Nxg8 Kxg8 43. Re1 Kf8 44. Rea1 Rca7 45. Ke4 Ke7 46. f5 Kd7 47. fxe6+ fxe6 48. Rf1 Kc6 49. Rf6 Re8 50. g5 Ree7 51. Ra1 Kb5 52. g6 hxg6 53. Rxg6 Kb4 54. Ra4+ Kb5 55. Kf4 Rf7+ 56. Rf6 Rfe7 57. Kg5 Ra8 58. Ra1 Rg8+ 59. Rg6 Rf8 60. Rg7 Rf5+ 61. Kg6 Re8 62. h7 Rf2 63. Rg1 Rh2 64. Rg8 1-0

[Event "Titled Tuesday intern op 27th Feb Late"]
[Site "Chess.com INT"]
[Date "2024.02.27"]
[Round "10"]
[White "Tarhan, Adar"]
[Black "Rasulov, Vugar Ural Oglu"]
[Result "1-0"]
[WhiteElo "2415"]
[BlackElo "2538"]
[PlyCount "49"]
[EventDate "2024.02.27"]
[EventType "swiss (blitz)"]
[EventRounds "11"]
[EventCountry "USA"]
[SourceTitle "CB10_2024"]
[SourceDate "2024.03.06"]
[SourceVersion "1"]
[SourceVersionDate "2024.03.06"]
[SourceQuality "1"]

1. e4 e5 2. Nf3 Qe7 3. Nc3 c6 4. Bc4 d6 5. d4 h6 6. Be3 Nf6 7. dxe5 dxe5 8. h3 Qc7 9. Qd3 Nbd7 10. 0-0-0 Be7 11. Nh4 g6 12. Rhf1 b5 13. Bb3 a5 14. a4 b4 15. Qc4 Rf8 16. Nb5 Qb7 17. Nd6+ Bxd6 18. Rxd6 Qa6 19. Qxa6 Bxa6 20. Rfd1 Bb7 21. Bxh6 Rh8 22. Bg5 Nxe4 23. Bxf7+ Kxf7 24. Rxd7+ Ke6 25. Re7# 1-0

[Event "Titled Tuesday intern op 23rd Jan Late"]
[Site "Chess.com INT"]
[Date "2024.01.23"]
[Round "9"]
[White "Bambino Filho, Antonio Carlos"]
[Black "Rasulov, Vugar Ural Oglu"]
[Result "0-1"]
[WhiteElo "2166"]
[BlackElo "2536"]
[PlyCount "70"]
[EventDate "2024.01.23"]
[EventType "swiss (blitz)"]
[EventRounds "11"]
[EventCountry "USA"]
[SourceTitle "CB05_2024"]
[SourceDate "2024.01.31"]
[SourceVersion "1"]
[SourceVersionDate "2024.01.31"]
[SourceQuality "1"]

1. d4 Nf6 2. c4 e6 3. Nf3 c5 4. d5 d6 5. Nc3 exd5 6. cxd5 g6 7. h3 Bg7 8. Bf4 0-0 9. e3 Na6 10. Be2 Nc7 11. 0-0 Re8 12. a4 Ne4 13. Nxe4 Rxe4 14. Nd2 Rxf4 15. exf4 Nxd5 16. Ne4 Nxf4 17. Bf3 Bxb2 18. Qd2 Bxa1 19. Rxa1 d5 20. Nxc5 Qg5 21. Rd1 Nxh3+ 22. Kh2 Qxd2 23. Rxd2 Nf4 24. Bxd5 Nxd5 25. Rxd5 b6 26. Rd8+ Kg7 27. Nd3 Bb7 28. Rd7 Bc6 29. Rc7 Bxa4 30. Ne5 Bb3 31. Rc3 Be6 32. Rc7 a5 33. Nf3 a4 34. Ng5 Kg8 35. Ne4 a3 0-1

[Event "Titled Tuesday intern op 23rd Jan Late"]
[Site "Chess.com INT"]
[Date "2024.01.23"]
[Round "11"]
[White "Bluebaum, Matthias"]
[Black "Rasulov, Vugar Ural Oglu"]
[Result "0-1"]
[WhiteElo "2655"]
[BlackElo "2536"]
[PlyCount "98"]
[EventDate "2024.01.23"]
[EventType "swiss (blitz)"]
[EventRounds "11"]
[EventCountry "USA"]
[SourceTitle "CB05_2024"]
[SourceDate "2024.01.31"]
[SourceVersion "1"]
[SourceVersionDate "2024.01.31"]
[SourceQuality "1"]

1. d4 c5 2. d5 d6 3. c4 e5 4. e4 Be7 5. Nf3 Nf6 6. Nc3 0-0 7. Be2 Nbd7 8. 0-0 Ne8 9. Ne1 g6 10. Nd3 Ng7 11. f4 exf4 12. Bxf4 f5 13. e5 dxe5 14. Nxe5 Nxe5 15. Bxe5 Bd6 16. Bxd6 Qxd6 17. Qd2 a6 18. Rae1 Bd7 19. Bf3 Rae8 20. a3 b6 21. Ne2 b5 22. b3 Re5 23. Nc1 Rfe8 24. Nd3 R5e7 25. Rxe7 Qxe7 26. Re1 Qf6 27. Rxe8+ Bxe8 28. Nxc5 Qa1+ 29. Kf2 Qxa3 30. Qd4 Qa2+ 31. Kg3 f4+ 32. Kxf4 Nf5 33. Qc3 Qf2 34. Ne4 Qh4+ 35. Ke5 Qe7+ 36. Kf4 Qh4+ 37. Ke5 Qxh2+ 38. Ke6 Qc7 39. Nf6+ Kf8 40. Qb4+ Ne7 41. Nxh7+ Kg8 42. Nf6+ Kf8 43. Nxe8 Kxe8 44. Qd6 Qc8+ 45. Ke5 bxc4 46. bxc4 Qxc4 47. Qxa6 Qxa6 48. d6 Nf5 49. Ke6 Qxd6# 0-1

[Event "Titled Tuesday intern op 23rd Jan Late"]
[Site "Chess.com INT"]
[Date "2024.01.23"]
[Round "2"]
[White "Brunner, Nicolas"]
[Black "Rasulov, Vugar Ural Oglu"]
[Result "0-1"]
[WhiteElo "2410"]
[BlackElo "2536"]
[PlyCount "44"]
[EventDate "2024.01.23"]
[EventType "swiss (blitz)"]
[EventRounds "11"]
[EventCountry "USA"]
[SourceTitle "CB05_2024"]
[SourceDate "2024.01.31"]
[SourceVersion "1"]
[SourceVersionDate "2024.01.31"]
[SourceQuality "1"]

1. Nf3 c5 2. c4 Nc6 3. Nc3 Nf6 4. g3 g6 5. d4 cxd4 6. Nxd4 d6 7. Bg2 Bd7 8. 0-0 Bg7 9. Nb3 0-0 10. c5 Be6 11. cxd6 exd6 12. Bf4 d5 13. e3 h6 14. Nd4 Kh7 15. Rc1 Rc8 16. Nxc6 bxc6 17. Na4 Ne4 18. b3 g5 19. Bxe4+ dxe4 20. Bd6 Re8 21. Nc5 Bd5 22. Nb7 Qd7 0-1

[Event "Titled Tuesday intern op 23rd Jan Late"]
[Site "Chess.com INT"]
[Date "2024.01.23"]
[Round "5"]
[White "Lazavik, Denis"]
[Black "Rasulov, Vugar Ural Oglu"]
[Result "0-1"]
[WhiteElo "2566"]
[BlackElo "2536"]
[PlyCount "126"]
[EventDate "2024.01.23"]
[EventType "swiss (blitz)"]
[EventRounds "11"]
[EventCountry "USA"]
[SourceTitle "CB05_2024"]
[SourceDate "2024.01.31"]
[SourceVersion "1"]
[SourceVersionDate "2024.01.31"]
[SourceQuality "1"]

1. d4 Nf6 2. c4 e6 3. Nf3 d5 4. g3 Be7 5. Bg2 0-0 6. 0-0 dxc4 7. Qc2 a6 8. a4 Bd7 9. Qxc4 Bc6 10. Bg5 Nbd7 11. Nc3 a5 12. Rfd1 h6 13. Bxf6 Nxf6 14. e3 Bxf3 15. Bxf3 c6 16. Kg2 Qb6 17. Qe2 Rfd8 18. h4 Rd7 19. h5 Rad8 20. Qc2 Bb4 21. Rac1 Nd5 22. Ne4 Be7 23. Qe2 Nb4 24. Nd2 Qa6 25. Nc4 Rc7 26. b3 Nd5 27. Be4 Nf6 28. Bd3 Qa8 29. Qf3 c5 30. dxc5 Rxc5 31. Nb6 Qb8 32. Rxc5 Bxc5 33. Nc4 b6 34. Be2 Rxd1 35. Bxd1 Qd8 36. Ne5 Qd5 37. Qxd5 Nxd5 38. Kf3 Nf6 39. g4 Kf8 40. Nc4 Ke7 41. Kg2 Ne4 42. Bf3 Nd6 43. Ne5 f6 44. Nd3 Nf7 45. Be2 Kd6 46. Nb2 Bb4 47. Nc4+ Kc5 48. f4 Bc3 49. Kf3 Nd8 50. Bd3 Nc6 51. Be4 Nb4 52. Na3 Na2 53. Nc2 Nc1 54. Bg6 Nxb3 55. Bf7 Kd6 56. Na3 Ke7 57. Bg6 Bb4 58. Nc4 Bc5 59. Bc2 Nc1 60. Nd2 Na2 61. Bb3 Nb4 62. Nc4 Nd3 63. Ke2 Nc1+ 0-1

[Event "Titled Tuesday intern op 23rd Jan Late"]
[Site "Chess.com INT"]
[Date "2024.01.23"]
[Round "3"]
[White "Rasulov, Vugar Ural Oglu"]
[Black "Bjelobrk, Igor"]
[Result "1-0"]
[WhiteElo "2536"]
[BlackElo "2403"]
[PlyCount "121"]
[EventDate "2024.01.23"]
[EventType "swiss (blitz)"]
[EventRounds "11"]
[EventCountry "USA"]
[SourceTitle "CB05_2024"]
[SourceDate "2024.01.31"]
[SourceVersion "1"]
[SourceVersionDate "2024.01.31"]
[SourceQuality "1"]

1. e4 e6 2. d4 d5 3. exd5 exd5 4. Nf3 Nf6 5. Bd3 c5 6. 0-0 Nc6 7. Re1+ Be7 8. dxc5 0-0 9. Nbd2 Bxc5 10. Nb3 Bb6 11. h3 h6 12. c3 a6 13. Nbd4 Nxd4 14. Nxd4 Bxd4 15. cxd4 Be6 16. Bf4 Qb6 17. Qd2 Ne4 18. Bxe4 dxe4 19. d5 Rfd8 20. d6 f5 21. b3 Rac8 22. Rac1 Rxc1 23. Rxc1 Rd7 24. h4 Kh7 25. Be5 Kg6 26. Rc3 Kh7 27. Qf4 Qa5 28. Rc7 Rxc7 29. dxc7 Qc5 30. Qg3 Qe7 31. Bd4 Bc8 32. h5 Qf7 33. Qe5 Qd7 34. a4 Qf7 35. b4 Qd7 36. b5 axb5 37. axb5 Qf7 38. b6 Qd7 39. Kh2 Qf7 40. Kg3 Qd7 41. Kh2 Qf7 42. Kg1 Qd7 43. Qc5 Qf7 44. Qd6 Qe6 45. Qf8 Qd7 46. Qd8 Qe6 47. Kh2 Qd7 48. Kg3 Qe6 49. Kf4 Bd7 50. Qf8 Qg8 51. Qxg8+ Kxg8 52. Ke5 Kf7 53. Kd6 Bc8 54. g3 g6 55. hxg6+ Kxg6 56. Ke7 f4 57. gxf4 h5 58. Bf6 Bg4 59. Bg5 Bf5 60. Kd8 Kf7 61. c8Q 1-0

[Event "Titled Tuesday intern op 16th Jan Early"]
[Site "Chess.com INT"]
[Date "2024.01.16"]
[Round "8"]
[White "Duda, Jan Krzysztof"]
[Black "Rasulov, Vugar Ural Oglu"]
[Result "1/2-1/2"]
[WhiteElo "2732"]
[BlackElo "2536"]
[PlyCount "119"]
[EventDate "2024.01.16"]
[EventType "swiss (blitz)"]
[EventRounds "11"]
[EventCountry "USA"]
[SourceTitle "CB04_2024"]
[SourceDate "2023.10.16"]
[SourceVersion "1"]
[SourceVersionDate "2023.10.16"]
[SourceQuality "1"]

1. d4 Nf6 2. c4 e6 3. Nf3 c5 4. e3 d5 5. Nc3 a6 6. cxd5 exd5 7. Bd3 Nc6 8. h3 cxd4 9. Nxd4 Nxd4 10. exd4 Be7 11. 0-0 0-0 12. Re1 Be6 13. Bf4 Rc8 14. a3 Re8 15. Rc1 h6 16. Rc2 b5 17. Qf3 Qb6 18. Rce2 Qxd4 19. Be5 Qb6 20. Bxf6 Bxf6 21. Nxd5 Qd4 22. Nxf6+ Qxf6 23. Qxf6 gxf6 24. Bf5 Rc6 25. f4 Kf8 26. Kf2 a5 27. Kg3 b4 28. axb4 axb4 29. Kh4 Kg7 30. Re3 Rc4 31. g3 Rc6 32. Re4 b3 33. R1e3 Rb6 34. Bg4 Kf8 35. f5 Bd7 36. Rxe8+ Bxe8 37. Kh5 Ba4 38. Kxh6 Rd6 39. Re4 Bd7 40. Re3 Ba4 41. Re4 Bd7 42. Rb4 Rd3 43. h4 Rxg3 44. h5 Ke7 45. Re4+ Kd6 46. Rd4+ Ke7 47. Rc4 Kd6 48. Rb4 Rg2 49. Bd1 Rxb2 50. Bxb3 Bxf5 51. Kg7 Be6 52. Rd4+ Ke5 53. Bxe6 Kxd4 54. Bxf7 Ke5 55. h6 f5 56. h7 Rh2 57. h8Q Rxh8 58. Kxh8 f4 59. Bh5 f3 60. Bxf3 1/2-1/2

[Event "Titled Tuesday intern op 16th Jan Late"]
[Site "Chess.com INT"]
[Date "2024.01.16"]
[Round "5"]
[White "Fedoseev, Vladimir1"]
[Black "Rasulov, Vugar Ural Oglu"]
[Result "1-0"]
[WhiteElo "2690"]
[BlackElo "2536"]
[PlyCount "59"]
[EventDate "2024.01.16"]
[EventType "swiss (blitz)"]
[EventRounds "11"]
[EventCountry "USA"]
[SourceTitle "CB04_2024"]
[SourceDate "2023.10.16"]
[SourceVersion "1"]
[SourceVersionDate "2023.10.16"]
[SourceQuality "1"]

1. e4 e5 2. Nf3 Nc6 3. Bb5 Nf6 4. d3 Bc5 5. Bxc6 dxc6 6. Qe2 Qe7 7. Nbd2 0-0 8. a3 Bg4 9. h3 Bxf3 10. Nxf3 Nd7 11. 0-0 Rfe8 12. Re1 a5 13. Bd2 a4 14. Bc3 Bd6 15. d4 exd4 16. Nxd4 Be5 17. Rad1 g6 18. Qe3 Bg7 19. Qg3 Be5 20. f4 Bf6 21. Re3 Nb6 22. Nf5 Qe6 23. Nh6+ Kf8 24. f5 Qe7 25. fxg6 Bxc3 26. gxf7 Bg7 27. fxe8Q+ Kxe8 28. Nf5 Be5 29. Qg8+ Qf8 30. Qe6+ 1-0

[Event "Titled Tuesday intern op 16th Jan Early"]
[Site "Chess.com INT"]
[Date "2024.01.16"]
[Round "9"]
[White "Hakobyan, Aram"]
[Black "Rasulov, Vugar Ural Oglu"]
[Result "1-0"]
[WhiteElo "2616"]
[BlackElo "2536"]
[PlyCount "87"]
[EventDate "2024.01.16"]
[EventType "swiss (blitz)"]
[EventRounds "11"]
[EventCountry "USA"]
[SourceTitle "CB04_2024"]
[SourceDate "2023.10.16"]
[SourceVersion "1"]
[SourceVersionDate "2023.10.16"]
[SourceQuality "1"]

1. d4 Nf6 2. c4 e6 3. Nc3 Bb4 4. e3 0-0 5. a3 Be7 6. e4 d6 7. Nf3 c5 8. d5 exd5 9. exd5 Bg4 10. Be2 Nbd7 11. 0-0 Re8 12. h3 Bh5 13. g4 Bg6 14. Nh4 Bf8 15. Nxg6 hxg6 16. Qc2 Nh7 17. f4 a6 18. Kg2 Rb8 19. a4 b6 20. Ra3 Rb7 21. g5 Nb8 22. Bg4 a5 23. h4 Na6 24. Na2 Rbe7 25. Rh3 Re1 26. h5 gxh5 27. Bxh5 Qd7 28. Qxh7+ Kxh7 29. Bg4+ Kg6 30. Bxd7 R8e2+ 31. Kf3 f5 32. Rxe1 Rxe1 33. Bd2 Re7 34. Be6 Nc7 35. Bg8 Re4 36. b3 Rd4 37. Be3 Rd3 38. Bh7+ Kf7 39. Nc1 Rd1 40. Bxf5 g6 41. Bc2 Re1 42. Bd2 Re8 43. Rh7+ Bg7 44. Bc3 1-0